000 00589nam a2200241 a 4500
001 0001-1282
003 ELIB.Books
008 150630 2010 eng
020 _a0385305028
035 _a(ELIB.Books)0001-1437
092 _a158.1
_bMcN
100 _aMcNally, David
245 _aEvan Eagles Need a Push
260 _aNew York
_bDelacorte Press
_c1990
300 _a169
_c22 Cm
500 _aLibrary
650 _aLife Success
856 _nKBTS: Library
_uKBTS: Elib
942 _2ddc
_cBK
990 _a1
998 _cbat
_e2015-06-30
999 _c11282
_d11282